| 000 | 00429nam a2200145 4500 | ||
|---|---|---|---|
| 999 |
_c508089 _d508089 |
||
| 008 | 190307b ||||| |||| 00| 0 eng d | ||
| 100 |
_aMisra, Kamlesh Narayan _93142 |
||
| 245 | _aParyaavaran sanrakshan maiin bhartiye niyaamko ki bhumika: aik adhyayan | ||
| 260 | _c2018 | ||
| 300 | _ap.219-225. | ||
| 700 |
_aShukal, Sudhir Kumar _93141 |
||
| 773 | _aLok Prashasan | ||
| 906 | _aEnvironmental protection | ||
| 942 |
_2ddc _cAR |
||